大相撲の勝負結果(非技) - Statistics

General Stats
  • This quiz has been taken 76 times
  • The average score is 3 of 5
Answer Stats
勝負結果 % Correct
勇み足
92%
腰砕け
59%
つき手
59%
つきひざ
48%
踏み出し
30%
No matching quizzes found
Score Distribution
Percent of People with Each Score
Percentile by Number Answered
Your Score History
You have not taken this quiz